First German course for science students (Record no. 20272)

MARC details
000 -LEADER
fixed length control field 00332nam a2200133Ia 4500
082 ## - DEWEY DECIMAL CLASSIFICATION NUMBER
Classification number 803
Item number FIE
100 ## - MAIN ENTRY--AUTHOR NAME
Personal name Fiedler, H G
245 #0 - TITLE STATEMENT
Title First German course for science students
250 ## - EDITION STATEMENT
Edition statement Ed.3
260 ## - PUBLICATION, DISTRIBUTION, ETC. (IMPRINT)
Place of publication London
Name of publisher Oxford Univ
Year of publication 1944
700 ## - ADDED ENTRY--PERSONAL NAME
Personal name Sandbach, B E
942 ## - ADDED ENTRY ELEMENTS (KOHA)
Koha item type Books
Holdings
Withdrawn status Lost status Damaged status Not for loan Home library Current library Date acquired Full call number Accession Number Koha item type
        RRII Library RRII Library 16/12/2021 803 FIE 01001 Books